Countries Within Countries - Statistics

General Stats
  • This quiz has been taken 20 times
  • The average score is 8 of 9
Answer Stats
Country Country in Country % Correct
Guinea-Bissau Guinea
100%
Democratic Republic of the Congo Republic of the Congo
95%
Dominican Republic Dominica
95%
Nigeria Niger
95%
South Sudan Sudan
95%
Equatorial Guinea Guinea
89%
Papua New Guinea Guinea
89%
Somalia Mali
58%
Romania Oman
53%
No matching quizzes found
Score Distribution
Percent of People with Each Score
Percentile by Number Answered
Your Score History
You have not taken this quiz